LEADER 01120nam a2200229 i 4500 001 000000042417 003 CaOOAMICUS 005 20120621000000.0 008 120621s1975 it u000 u ita u 013 $a13587 040 $aSeMil$bita 100 1 $aLuraschi, Felix.$0(OLS)http://semarc/name/20998 245 10$aGuida del comune di Lurate Caccivio :$bcenni sulla storia e sullo sviluppo socio-economico del territorio, tabelle statistiche /$ca cura di Felix Luraschi. 260 $a[S.l. :$bs.n.],$c1975. 300 $a217 p., [2] p. di carte geografiche ripiegate :$bill. ;$c22 cm + [1] c. di planimetria generale. 500 $aDono di mons. Antonio Rimoldi. 650 4$aLurate Caccivio.$0(OLS)http://semarc/subject/9037 850 $aSeMil 852 $aSeMil$W1$xVenegono$y1$m3P I 199$j8572$B8572$CSeMilBibl$Z2$F8572 $81 961 $aOmaggio: Rimoldi mons. Antonio 996 $6245$aGuida del comune di Lurate Caccivio :$bcenni sulla storia e sullo sviluppo socio-economico del territorio, tabelle statistiche$9(OLS)http://semarc/title/61853 996 $6260$a[S.l. :$bs.n.]$9(OLS)http://semarc/publisher/29751 LEADER 01237nam a2200253 i 4500 001 000000107727 003 CaOOAMICUS 005 20031017000000.0 008 031017n it u000 u ita u 013 $a80185 040 $aSeMil$bita 100 1 $aParrocchia B.V. Immacolata .$0(OLS)http://semarc/name/45344 240 00$aS. E. Monsignor Ernesto Camagni.$0(OLS)http://semarc/title/156408 245 10$a[S. E. Monsignor Ernesto Camagni :$bnel centenario della nascita] /$c[Parrocchia B.V. Immacolata di Baruccana]. 260 $aAugusta [i.e. Venezia] :$b[s.n.] 300 $a143 p. :$bill. ;$c21 cm. 500 $aContiene : «L'Apostolo dei Paria del Kanarą Meridionale, Padre Angelo Gaviraghi S.I.» di Mons. Ernesto Camagni. - Fondo Card. C.M. Martini. 600 14$aCamagni, Ernesto .$0(OLS)http://semarc/subject/17063 850 $aSeMil 852 $aSeMil$W1$xVenegono$y1$m3J II 8$j63823$B63823$CSeMilBibl$Z2$F86161 $81 941 1 $a4 961 $aOmaggio: Martini Card. Carlo Maria 996 $6245$a[S. E. Monsignor Ernesto Camagni :$bnel centenario della nascita]$9(OLS)http://semarc/title/156409 996 $6260$aAugusta [i.e. Venezia] :$b[s.n.]$9(OLS)http://semarc/publisher/56078